Statistics for Most Popular Jedi

Click here to take the quiz!

General Stats

  • This quiz has been taken 18 times
  • The average score is 8 of 39

Answer Stats

HintAnswer% Correct
He Became Darth VaderAnakin Skywalker
100%
He Was 1 of 4 Jedi which Fight with PalpatineKit Fisto
71%
Obi-Wan-Kenobi
65%
Yoda
65%
Mace Windu
47%
He Died at Cato Neimoidia when his wingmen shot down his starfighter.Plo Koon
47%
His Master Was Depa Bilaba , He Also Teach EzraKanan Jarrus
41%
Luke Skywalker
41%
Depa Bilaba
29%
Her Padawan Was Kanan JarrusDepa Bilaba
29%
Qui-Gon-Jin
29%
Ashoka Tano
24%
Ki-Adi-Mundi
24%
Aayla Secura
18%
Shaak Ti
18%
Commander Neyo Shot Down Her BARC Speeder on SaleucamiStass Allie
18%
Yaddle
18%
Adi Galia
12%
Agen Kolar
12%
Bolla Ropal
12%
Zabrak who survived Order 66 because He left Jedi orderEeth Koth
12%
Ima-Gun-Di
12%
Coleman Trebor
6%
Roonan who was killed in Devaron by a Savage Opress vibro-bladeHalsey
6%
Mon Calamarian Kit Fisto Padawan He Was Killed By General GrivousNahdar Vebb
6%
Oppo Rancisis
6%
Yarael Poof
6%
Barissa Offee
0%
Evan Piell
0%
Ezra Brigder
0%
Jokasta Nu
0%
He was a Nautolan and died at 21 BBY in Devaron killed by Savage OpressKnox
0%
Ky Narec
0%
He Was a Skrilling Jedi Master who was killed during the Clone Wars. The shapeshifting Clawdite bounty hunter Cato Parasitti posed as the late Enisence as part of Cad Bane's infiltration of the Jedi TempleOrd Enisence
0%
Pong Krell
0%
Saesae Tin
0%
During the Clone Wars, he was considered a specialist in Coruscant underground affairs . Like Yoda , he was in charge of training young Jedi adeptsTera Sinube
0%
Tiplar
0%
Tipply
0%

Score Distribution

Percentile by Number Answered

Percent of People with Each Score

Your Score History

You have not taken this quiz